Les 50... - Édition Métiers - Statistiques

Statistiques générales
  • Ce quiz a été pris 209 fois
  • Le résultat moyen est 14 sur 50
Statistiques - réponses
Lettre Métier % Correct
B Boulanger
70%
M Médecin
66%
A Agriculteur
65%
P Professeur
61%
A Avocat
53%
B Boucher
53%
P Policier
53%
P Pompier
50%
V Vendeur
49%
I Infirmier
47%
G Garagiste
45%
D Dentiste
42%
É Électricien
39%
V Vétérinaire
33%
A Architecte
32%
P Pâtissier
32%
A Apiculteur
30%
I Ingénieur
30%
C Chauffeur
29%
J Juge
29%
K Kinésithérapeute
29%
J Journaliste
28%
A Artiste
27%
B Banquier
27%
J Jardinier
27%
C Chirurgien
24%
F Fleuriste
24%
S Secrétaire
24%
É Écrivain
22%
O Ouvrier
22%
M Militaire
21%
P Pharmacien
20%
L Livreur
19%
É Ébéniste
16%
S Sage-femme
15%
É Éleveur
14%
P Pêcheur
12%
P Poissonnier
12%
T Technicien
12%
C Couturier
11%
G Gynécologue
11%
P Psychiatre
10%
U Urgentiste
10%
V Viticulteur
10%
P Photographe
9%
M Mannequin
8%
B Buraliste
7%
G Graphiste
6%
G Géologue
5%
C Cuisiner
2%
Aucun quiz correspondant
Distribution des résultats
% des personnes avec chaque résultat
Percentile par nombre de réponses
Votre historique - résultats
Vous n’avez pas pris ce quiz